000
00186 a2200097 4500
001
630
100
_a
King,R
245
_a
Electrical Noise
260
_a
_b
chapman
_c
090
_c
231
_d
231
942
_a
NUST-CAE
_c
M
_c
14558
999
_c
235703
_d
235703